Normal view
MARC view
- Steetman, Ben G ;Banerjee, Sanjay
Entry Personal Name
001 - CONTROL NUMBER
- control field: 59192
003 - CONTROL NUMBER IDENTIFIER
- control field: NUST
005 - DATE AND TIME OF LATEST TRANSACTION
- control field: 20210628202308.0
008 - FIXED-LENGTH DATA ELEMENTS
- fixed length control field: 210628|| aca||aabn | a|a d
040 ## - CATALOGING SOURCE
- Original cataloging agency: NUST
- Transcribing agency: NUST
100 ## - HEADING--PERSONAL NAME
- Personal name: Steetman, Ben G ;Banerjee, Sanjay
670 ## - SOURCE DATA FOUND
- Source citation: Work cat.: (NUST): Steetman, Ben G ;Banerjee, Sanjay, Solid state electronic devices, 2000
